| 000 | 00860nam a2200229 a 4500 | ||
|---|---|---|---|
| 001 | 000014900 | ||
| 005 | 20240305140537.0 | ||
| 008 | 100127s2006 dr c 000 0 spa d | ||
| 020 | _a9945160346 | ||
| 040 |
_aDO-SdBNP _bspa _cBNPHU |
||
| 082 |
_a305.42 _bV297m |
||
| 100 | 1 |
_aVargas, Sonia _930881 |
|
| 245 | 1 | 0 |
_aMujeres y espacios políticos / _cSonia Vargas ; editor José Enrique García. |
| 260 |
_aSanto Domingo : _bBuho, _c2006. |
||
| 300 |
_a134 p. : _bretrs. ; _c23 cm. |
||
| 500 | _aIncluye datos biográficos del autor en la solapa de la cubierta. | ||
| 590 | _aInventariado, 2018/MFF | ||
| 650 | 4 |
_aMujeres en la política _xEnsayos, conferencias, etc. _933741 |
|
| 650 | 4 |
_aMujeres _xCondiciones sociales _xEnsayos, conferencias, etc. _933742 |
|
| 700 | 1 | 2 |
_aGarcía, José Enrique, _d1948- _eed. _922487 |
| 910 | _aValidado. Control de calidad MFF | ||
| 999 |
_c14480 _d14480 |
||